Principles and practice of toxicology in public health / (Record no. 20185)
[ view plain ]
| 000 -LEADER | |
|---|---|
| fixed length control field | 01773cam a22002655a 4500 |
| 001 - CONTROL NUMBER | |
| control field | 17640714 |
| 005 - DATE AND TIME OF LATEST TRANSACTION | |
| control field | 20151026112835.0 |
| 008 - FIXED-LENGTH DATA ELEMENTS--GENERAL INFORMATION | |
| fixed length control field | 130226t2014 maua frbd 001 0 eng d |
| 020 ## - INTERNATIONAL STANDARD BOOK NUMBER | |
| International Standard Book Number | 9781449645267 (pbk.) |
| 040 ## - CATALOGING SOURCE | |
| Original cataloging agency | DNLM/DLC |
| Transcribing agency | DLC |
| Modifying agency | DLC |
| -- | EG-ScBUE |
| Language of cataloging | eng |
| 082 04 - DEWEY DECIMAL CLASSIFICATION NUMBER | |
| Classification number | 615.902 |
| Edition number | 22 |
| Item number | RIC |
| 100 1# - MAIN ENTRY--PERSONAL NAME | |
| Personal name | Richards, Ira S. |
| Fuller form of name | (Ira Steven), |
| Dates associated with a name | 1948- |
| 9 (RLIN) | 38576 |
| 245 10 - TITLE STATEMENT | |
| Title | Principles and practice of toxicology in public health / |
| Statement of responsibility, etc | Ira Richards, Marie Bourgeois. |
| 250 ## - EDITION STATEMENT | |
| Edition statement | 2nd ed. |
| 260 ## - PUBLICATION, DISTRIBUTION, ETC. (IMPRINT) | |
| Place of publication, distribution, etc | Burlington : |
| Name of publisher, distributor, etc | Jones & Bartlett Learning, |
| Date of publication, distribution, etc | c.2014. |
| 300 ## - PHYSICAL DESCRIPTION | |
| Extent | xv, 522 p. : |
| Other physical details | ill. ; |
| Dimensions | 26 cm. |
| 500 ## - GENERAL NOTE | |
| General note | Index : p. 497-522.<br/> |
| 500 ## - GENERAL NOTE | |
| General note | Glossary : p. 453-495. |
| 504 ## - BIBLIOGRAPHY, ETC. NOTE | |
| Bibliography, etc | Includes bibliographical references. |
| 505 0# - FORMATTED CONTENTS NOTE | |
| Formatted contents note | Toxicology and its roots as a science -- Chemical properties and information resources on hazardous chemicals -- Toxicity and the factors that modify toxic responses -- Biological poisons : plant and animal toxins -- Environmental pollutants and their fate -- Dose and response -- Absorption of toxicants and models of disposition -- Distribution, storage, and elimination of toxicants -- Biotransformation -- Chemical-induced mutagenesis -- Chemicals and cancer -- Role of the immune system -- Skin -- The liver and kidneys -- The cardiovascular system -- The respiratory system -- The nervous system -- The endocrine system -- The practice of toxicology -- Regulatory considerations -- Toxicity testing -- Uses and limitations of product labeling for public safety -- Toxicology principles in the management of acute poisonings -- Risk assessment and the perception of risk -- Making informed decisions. |
| 650 ## - SUBJECT ADDED ENTRY--TOPICAL TERM | |
| Topical term or geographic name as entry element | Toxicology. |
| Source of heading or term | BUEsh |
| 9 (RLIN) | 21364 |
| 653 ## - INDEX TERM--UNCONTROLLED | |
| Resource For college | Pharmacy |
| Arrived date list | July2015 |
| -- | October2015 |
| 700 1# - ADDED ENTRY--PERSONAL NAME | |
| Personal name | Bourgeois, Marie |
| 942 ## - ADDED ENTRY ELEMENTS (KOHA) | |
| Source of classification or shelving scheme | Dewey Decimal Classification |
| Withdrawn status | Lost status | Source of classification or shelving scheme | Damaged status | Not for loan | Koha collection | Home library | Current library | Shelving location | Date acquired | Source of acquisition | Cost, normal purchase price | Serial Enumeration / chronology | Total Checkouts | Total Renewals | Full call number | Barcode | Checked out | Date last seen | Date last borrowed | Cost, replacement price | Koha item type |
|---|---|---|---|---|---|---|---|---|---|---|---|---|---|---|---|---|---|---|---|---|---|
| Dewey Decimal Classification | Baccah | Central Library | Central Library | First floor | 05/07/2015 | 480.00 | 22353 | 2 | 2 | 615.902 RIC | 000039340 | 29/05/2025 | 17/09/2023 | 17/09/2023 | 600.00 | Book - Borrowing |